000 00858nam a2200241 a 4500
001 000022789
005 20200930021810.0
008 101118s2003 sp 000 0 spa d
020 _a8449314526
040 _aDO-SdBNP
_bspa
_cBNPHU
082 _axxxx
_bC346e
100 1 _aCastarède, Marie-France
_946822
245 1 3 _aEl espíritu de la ópera / :
_bla exaltación de las pasiones humanas /
_cMarie-France Castarède ; traducción Julià de Jòdar.
260 _aBarcelona, :
_bPaidós Ibérica,
_c2003.
300 _a221 p. ;
_c24 cm.
490 1 _aPaidós de Música
500 _aIncluye índice de nombres y de obras
504 _aIncluye referencias bibliográficas y notas al pie de las páginas
504 _aBibliografías : p. 219-221
700 1 _aJòdar, Julià de,
_etr.
_946823
830 0 _aPaidós de Música
_946824
049 _aBNPD
999 _c22286
_d22286